| 000 | 00488nam a22001577a 4500 | ||
|---|---|---|---|
| 005 | 20170831130902.0 | ||
| 010 | _aB-31167, B-31165 | ||
| 020 |
_a8170002648 _c375.00 |
||
| 035 | _aB-31167 | ||
| 035 | _aB-31165 | ||
| 037 |
_aDPL _bENG |
||
| 245 |
_aStaff development for library and information services _cedited by Sanjaya Mishra [and] Sunil Kumar |
||
| 260 |
_aNew Delhi _bEss Ess Publications _c1999 |
||
| 300 |
_av, 170p. _c22cm(Hb) |
||
| 942 |
_2ddc _cEN _h023.8 _mSTA |
||
| 999 |
_c63351 _d63351 |
||